Miasto, a rzeka - Statystyki

Ogólne statystyki
  • Ten quiz został rozwiązany 234 razy
    220 od ostatniego zresetowania
  • Średni wynik to 10 z 25
Statystyki odpowiedzi
Hint Odpowiedź % Poprawnych
Budapeszt Dunaj
91%
Kijów Dniepr
82%
Dusseldorf Ren
73%
Belgrad Dunaj
57%
Chartum Nil
53%
Kinszasa Kongo
49%
Praga Wełtawa
48%
Niamey Niger
44%
Nowosybirsk Ob
41%
Turyn Pad
41%
Berlin Hawela
38%
Phnom Penh Mekong
36%
Manaus Rio Negro
35%
Montreal Świętego Wawrzyńca
35%
Lyon Rodan
33%
Wilno Wilia
33%
Saint Louis Missisipi
28%
Omsk Irtysz
24%
Dhaka Brahmaputra
22%
Waranasi Ganges
22%
Waszyngton Potomak
21%
Asuncion Paragwaj
15%
Florencja Arno
13%
Irkuck Angara
12%
Hanoi Rzeka Czerwona
5%
Nie znaleziono quizów pasujących do podanych kryteriów
Rozkład punktacji
Procent ludzi z każdym wynikiem
Percentyl według liczby udzielonych odpowiedzi
Twoja historia wyników
Nie rozwiązałeś tego quizu od ostatniego zresetowania